000 00412nam a2200169Ia 4500
008 170705s9999 xx 000 0 und d
020 _a9780545034661
245 _aClemente /
245 _cSara Pennypacker ; pictures by Marla Franzee.
260 _aNew York :
260 _bScholastic,
260 _c2006
300 _a133 pages :
300 _bcolor illustration ;
300 _c19cm.
500 _a790
999 _c336586
_d336586